01652cam a22003138i 4500999001900000001000900019003000500028005001700033008004100050010001700091020001800108040002300126042000800149050002600157082001700183100003400200245003600234263000900270264005000279300001100329336002600340337002800366338002700394520071800421655003001139906004501169942001201214952011201226 c330431d33043119745239NUST20170712102030.0170621s2017 ilu 000 1 eng  a 2017027751 a9780747268475 aDLCbengerdacDLC apcc00aPR6063.A395bS54 201700a823.914bMAN1 aMansell, Jill,eauthor.9324110aSheer mischief /cJill Mansell. a1801 1aNaperville, IL :bSourcebooks Landmark,c2017 a504 p. atextbtxt2rdacontent aunmediatedbn2rdamedia avolumebnc2rdacarrier a"It's not that Janey Sinclair isn't happy to see her sister--she just wishes that she could have arrived in a less dramatic fashion. Waking up at seven a.m. to Maxine waiting at the door wearing a borrowed wedding dress and with a police escort wasn't how Janey planned to start her Sunday. Still, life's never dull when Maxine's around, and Janey, who's rebuilding her life, is delighted that her sister's back in town. So when Maxine sets her sights on glamorous fashion photographer Guy Cassidy, Janey knows there's no limit to the mischief her sister will make in order to dispatch the competition. Little do they know that the competition is a lot closer to home than they think..."--cProvided by publisher. 7aLove stories.2gsafd9418 a7bcbccorignewd1eecipf20gy-gencatlg 2ddccBK 00102ddc4070aCLbCLcFICd2017-07-12l2o823.914 MANpCL1564r2022-10-25s2022-10-18t1w2017-07-12yBK